000 00427nam a2200133Ia 4500
008 100328s9999 xx 000 0 und d
082 _b64394
100 _aकर्णिक संया.
245 _aकुणास्तव कुणीतरी.
260 _bसााना.
630 _aकुणास्तव कुणीतरी.
730 _aकुणास्तव कुणीतरी.
942 _cBOOK
999 _c550188
_d550185